000 00705nam a22001337a 4500
040 _cRUA
082 _aLMA HAK 2017 B652 Or.1
100 _aHAK CHANNA ហាក់ ចណ្ណា
245 _astudy on land valuation approach and map development sangkat prek leap, khan choy changva, phnom penh សិក្សារពីវិធីសាស្រ្ត​និង​ការកសាង​ផែនទីវាយតម្លៃបីធ្លីនៅសង្កាត់ព្រែកលៀប ខណ្ឌជ្រោយចង្វារ រាជធានីភ្នំពេញ
260 _aRUA
_bPhnom penh
_c2017
300 _ax;83p
_bill;
_c29cm
856 _u HAK CHANNA
942 _cLMA
999 _c18469
_d18469